000 00933nam2a2200265 4500
001 RU\NLR\bibl\133109
005 20250618042104.0
010 _a5-89144-161-6
_92000
021 _aRU
_b2000-23318п
_9837п
035 _a(NLR Aleph) 000130380
090 _a744467
_c744467
100 _a20010208d2000 |||y0rusy50 ca
101 0 _arus
102 _aRU
105 _aa |||||||||
200 0 _aКн. 1
210 _d2000
_aБ. м.
215 _a122, [1] c.
_cил.
461 0 _1001RU\NLR\bibl\134797
_12001#$aТайны вечности$vКн. 1
_9754356
_aИндулекха Бхакти
_cМ.
_d2000
_fАвт. текстов Индулекха Бхакти деви даси
_nМ-во проповеди прихожан ИСККОН и др.
_tТайны вечности
_vКн. 1
801 0 _aRU
_bNLR
_c20010208
_gPSBO
801 1 _aRU
_bNLR
_c20010208
852 _aNLR
_j2001-3/745
942 _cBOOK
980 _aNB